A textbook of practical organic chemistry : (Record no. 73597)
[ view plain ]
| 000 -LEADER | |
|---|---|
| fixed length control field | 00740nam a2200229 a 4500 |
| 001 - CONTROL NUMBER | |
| control field | 73597 |
| 003 - CONTROL NUMBER IDENTIFIER | |
| rucl marc code | BD-RjUL |
| 005 - DATE AND TIME OF LATEST TRANSACTION | |
| control field | 20211209082421.0 |
| 008 - FIXED-LENGTH DATA ELEMENTS--GENERAL INFORMATION | |
| fixed length control field | 170604r19671956enk 001 0 eng d |
| 035 ## - SYSTEM CONTROL NUMBER | |
| System control number | (BD-RjUL)A6320 |
| 040 ## - CATALOGING SOURCE | |
| Original cataloging agency | BD-RjUL |
| Language of cataloging | eng |
| Transcribing agency | BD-RjUL |
| 041 ## - LANGUAGE CODE | |
| Language code of text/sound track or separate title | eng |
| 082 ## - DEWEY DECIMAL CLASSIFICATION NUMBER | |
| Edition number | 23 |
| Classification number | 547.0072 |
| Author mark and year | VOT 1967 |
| 100 1# - MAIN ENTRY--PERSONAL NAME | |
| Personal name | Vogel, Arthur I. |
| Fuller form of name | (Arthur Israel). |
| 9 (RLIN) | 217793 |
| 245 12 - TITLE STATEMENT | |
| Title | A textbook of practical organic chemistry : |
| Remainder of title | including qualitative organic analysis / |
| Statement of responsibility, etc. | Arthur I. Vogel |
| 250 ## - EDITION STATEMENT | |
| Edition statement | 3rd ed. |
| 260 ## - PUBLICATION, DISTRIBUTION, ETC. (IMPRINT) | |
| Place of publication, distribution, etc. | London : |
| Name of publisher, distributor, etc. | Longman, |
| Date of publication, distribution, etc. | 1956 [Impression 1967] |
| 300 ## - PHYSICAL DESCRIPTION | |
| Pagination | xxvii, 1188p. : |
| Illustrations | ill. ; |
| Size | 26cm. |
| 504 ## - BIBLIOGRAPHY, ETC. NOTE | |
| Bibliography, etc | Includes bibliography and index |
| 650 #0 - SUBJECT ADDED ENTRY--TOPICAL TERM | |
| Topical term or geographic name as entry element | Chemistry, Organic |
| General subdivision | Qualitative |
| 9 (RLIN) | 217794 |
| 942 ## - ADDED ENTRY ELEMENTS (KOHA) | |
| Source of classification or shelving scheme | Dewey Decimal Classification |
| Koha item type | Books |
| Lost status | Source of classification or shelving scheme | Damaged status | Not for loan | Collection code | Permanent Location | Current Location | Shelving location | Date acquired | Source of acquisition | Cost, normal purchase price | Total Checkouts | Full call number | Date last seen | Copy number | Koha item type |
|---|---|---|---|---|---|---|---|---|---|---|---|---|---|---|---|
| Dewey Decimal Classification | Not For Loan | Non-fiction | Central Library, University of Rajshahi | Central Library, University of Rajshahi | Reading Room | 20/11/1968 | Zeitlinger | 90.00 | 547.0072 VOT 1967 | 04/06/2017 | C-1 | Books | |||
| Dewey Decimal Classification | Non-fiction | Central Library, University of Rajshahi | Central Library, University of Rajshahi | 20/11/1968 | Zeitlinger | 90.00 | 547.0072 VOT 1966 | 04/06/2017 | C-2 | Books | |||||
| Dewey Decimal Classification | Non-fiction | Central Library, University of Rajshahi | Central Library, University of Rajshahi | 20/11/1968 | Zeitlinger | 90.00 | 547.0072 VOT 1967 | 04/06/2017 | C-3 | Books | |||||
| Dewey Decimal Classification | Non-fiction | Central Library, University of Rajshahi | Central Library, University of Rajshahi | 20/11/1968 | Zeitlinger | 90.00 | 547.0072 VOT 1966 | 04/06/2017 | C-4 | Books | |||||
| Dewey Decimal Classification | Non-fiction | Central Library, University of Rajshahi | Central Library, University of Rajshahi | 20/11/1968 | Zeitlinger | 90.00 | 547.0072 VOT 1964 | 04/06/2017 | C-5 | Books | |||||
| Dewey Decimal Classification | Non-fiction | Central Library, University of Rajshahi | Central Library, University of Rajshahi | 20/11/1968 | Zeitlinger | 90.00 | 547.0072 VOT 1966 | 04/06/2017 | C-6 | Books | |||||
| Dewey Decimal Classification | Non-fiction | Central Library, University of Rajshahi | Central Library, University of Rajshahi | 20/11/1968 | Zeitlinger | 90.00 | 547.0072 VOT 1967 | 04/06/2017 | C-7 | Books | |||||
| Dewey Decimal Classification | Non-fiction | Central Library, University of Rajshahi | Central Library, University of Rajshahi | 20/11/1968 | Zeitlinger | 90.00 | 547.0072 VOT 1967 | 04/06/2017 | C-8 | Books | |||||
| Dewey Decimal Classification | Non-fiction | Central Library, University of Rajshahi | Central Library, University of Rajshahi | 20/11/1968 | Zeitlinger | 90.00 | 547.0072 VOT 1966 | 04/06/2017 | C-9 | Books | |||||
| Dewey Decimal Classification | Non-fiction | Central Library, University of Rajshahi | Central Library, University of Rajshahi | 20/11/1968 | Zeitlinger | 90.00 | 547.0072 VOT 1966 | 06/06/2017 | C-10 | Books |